005920000a22001810004500020001500000060000800015082001400023100002300037100002300060245003500083260003800118260000900156300000800165650008800173942000700261999001900268952012300287 a0389206563 a100 a331.4 DAV aDavieloff, Leonore aWestover, Belinda aOur work, Our lives, Our words a New Jersey, Barnes & Noble books c1986 a189 aWomen- employment- Great Britain/ Work family- Great Britain- History- 20th century cBK c355493d355493 001040708NFICaKAUCOAVbKAUCOAVcGENd2014-05-02l0o331.4 DAVpKAU_COAV-22100r2014-05-02 00:00:00w2022-05-12yBK